| 000 | 00999nam a2200241 a 4500 | ||
|---|---|---|---|
| 001 | 000030893 | ||
| 003 | OSt | ||
| 005 | 20260414135148.0 | ||
| 008 | 110603s1944 dr 000 0 spa d | ||
| 040 |
_aDO-SdBNP _bspa _cBNPHU |
||
| 082 | 4 |
_a327 _bS211p |
|
| 100 | 1 |
_aSánchez Lustrino, Gilberto _937800 |
|
| 245 | 1 | 3 |
_aEl panamericanismo / _cGilberto Sánchez Lustrino. _bconferencia pronunciada el 14 de abril del 1944, día de las Américas, en el paraninfo de la Universidad de Santo Domingo. |
| 260 |
_aCiudad Trujillo, República Dominicana : _bLa Opinion, _c1944. |
||
| 300 |
_a27 p. ; _c23 cm. |
||
| 500 | _aConferencia pronunciada el 14 de abril del 1944, Día de las Américas, en Paraninfo de la Universidad de Santo Domingo. | ||
| 500 | _aIncluye referencias bibliográficas y notas al pie de las páginas. | ||
| 590 | _aInventariado, 2018/LP | ||
| 650 | 0 |
_aPanamericanismo _97149 |
|
| 651 | 0 |
_aAmérica _97840 |
|
| 910 | _aValidado. Control de calidad MFF | ||
| 942 |
_2ddc _cLF1 |
||
| 999 |
_c30385 _d30385 |
||